000 00518nam a2200193 a 4500
001 1767860135985
003 YourLibrary
005 20260108150647.0
008 260108s2010##################000#0#eng##
020 _a9780521128490
082 0 4 _a301
_bPEN
100 1 _aPenn, Roger,
_eauthor.
245 1 0 _aSkilled Workers in the Class Structure :
260 _bCambridge University Press,
_c2010.
300 _a272 pages
650 0 _aSocial Science.
942 _cENGLISH
040 _aYourLibrary
_beng
_cYourLibrary
999 _c607880
_d607880